|
|
|
|
| LEADER |
01220Cjm#a22002895a#4500 |
| 001 |
021378 |
| 005 |
20160707145851.0 |
| 008 |
100209s2004####ag su|e### s ||| #d |
| 040 |
|
|
|a AR-BeUNQ
|
| 047 |
|
|
|a su
|
| 082 |
0 |
4 |
|a 784.185
|2 21
|
| 100 |
1 |
|
|a Vernieri, César
|
| 245 |
0 |
2 |
|a 23 amaneceres
|c César Vernieri, Martín Proscia.
|h [grabación sonora] /
|
| 246 |
3 |
3 |
|a Veintitrés amaneceres
|
| 260 |
|
|
|a [Argentina] :
|b [s. n.],
|c [2007?]
|
| 300 |
|
|
|a 1 CD-Rom (47 min.) :
|b digital ; estéreo ;
|c 4 3/4 plg +
|e 1 folleto (2 p. : il. ; 12 cm.)
|
| 500 |
|
|
|a Grabado en vivo en el auditorio del Conservatorio Superior de Música "Manuel de Falla" en septiembre de 2006 y agosto de 2007.
|
| 505 |
0 |
|
|a 1-3. Suite 23 amaneceres : Tan solo verde (9:38). Cristales aprisionado (7:08). Nada detiene el viento (9:05) -- 4. Barrilete (12:44) -- 5. Ciudad caracol (8:18)
|
| 511 |
0 |
|
|a Martín Proscia, saxofón alto y tenor ; Césa Vernieri, piano.
|
| 942 |
|
|
|c CD
|n 0
|
| 650 |
|
7 |
|a Música
|2 spines
|
| 653 |
|
|
|a Música contemporánea
|
| 653 |
|
|
|a Suites
|
| 653 |
|
|
|a CD-Audio
|
| 700 |
1 |
|
|a Proscia, Martín
|
| 929 |
|
|
|a DONACION
|b Martín Proscia
|d 0
|e 20070924
|f PAT0021486
|g 842 Exp. 827-0387/98
|j 44419
|
| 999 |
|
|
|c 3073
|d 78460
|